A global perspective on the evolution of broadband technology

História drôtovej a bezdrôtovej technológie. Fixné a mobilné technológie. Vývoj širokopásmovej doručovacej platformy. Kľúčové aplikácie internetu budúcnosti. Širokopásmové stratégie.

Na minha lista:
Detalhes bibliográficos
Autor principal: Paetsch, Michael
Formato: Capítulo de Livro
Idioma:inglês
Assuntos:
Tags: Adicionar Tag
Sem tags, seja o primeiro a adicionar uma tag!

MARC

LEADER 00000nla$a2200000$$$4500
001 0125048
005 20240502072424.8
041 0 |a eng 
044 |a SK 
245 1 0 |a A global perspective on the evolution of broadband technology  |c Michael Paetsch 
520 |a História drôtovej a bezdrôtovej technológie. Fixné a mobilné technológie. Vývoj širokopásmovej doručovacej platformy. Kľúčové aplikácie internetu budúcnosti. Širokopásmové stratégie. 
610 2 0 |a technológie nové 
610 2 0 |a technológie komunikačné 
610 2 0 |a internet 
610 2 0 |a siete mobilné 
100 1 |a Paetsch, Michael